[Event "Bangkok Olympiad 45th Qual (Women)"]
[Site "Bangkok"]
[Date "2024.05.05"]
[Round "6"]
[White "Thamthinawut, Chanicha"]
[Black "Kaewwattha, Natrada"]
[Result "0-1"]
[WhiteElo "1481"]
[BlackElo "1748"]
[PlyCount "73"]
[EventDate "2024.05.02"]
[EventType "tourn"]
[EventRounds "9"]
[EventCountry "THA"]
[SourceTitle "CB20_2024"]
[SourceDate "2024.05.16"]
[SourceVersion "1"]
[SourceVersionDate "2024.05.16"]
[SourceQuality "1"]

1. c4 c6 2. Nc3 d5 3. cxd5 cxd5 4. d4 Nc6 5. Nf3 Nf6 6. g3 Bf5 7. Bg2 h6 8. 0-0 e6 9. a3 Be7 10. Nh4 Bh7 11. b4 0-0 12. Re1 Rc8 13. Bb2 Nd7 14. Nf3 Nb6 15. Qb3 Nc4 16. Bc1 Bf6 17. e3 Re8 18. h4 Bg6 19. Ne2 e5 20. dxe5 N6xe5 21. Nxe5 Bxe5 22. Rd1 Bxa1 23. Rxd5 Qe7 24. Bh3 Rc7 25. Nf4 Be4 26. Rc5 Rxc5 27. bxc5 Qxc5 28. Bd7 Re7 29. Bh3 Rc7 30. Qa4 b5 31. Qb3 Na5 32. Qd1 Qxc1 33. Qxc1 Rxc1+ 34. Bf1 Nc4 35. Ne2 Re1 36. f3 Be5 37. Nc1 0-1